01314 a2200193 45000010003000000050017000030080041000200030015000610400040000760800078001162450108001940200022003022500012003242640043003363000018003795050587003971000022009848560114010064720260407155405.0260407a2006 arg spa dAR-UNSa-BCEJYS aAR-UNSa-BCEJYSbspacAR-UNSa-BCEJYS a336.226.1xImpuestos a las ganancias o los beneficios (Impuesto Diferido)10aImpuesto diferidopnuevo método basado en el balance. enfoque práctico de temas simples y complejos a978-987-1140-43-5 a1a. ed. 1aBuenos Aires :bOsmar D. Buyattic2006 a227 p.c22 cm a1. Introducción - 2. Diferencias entre la contabilización tradicional del cargo del impuesto a las ganancias y el método diferido (genérico) - 3. El método del pasivo, basado en el balance: aspectos introductorios - 4. El método del pasivo, basado en el balance: aspectos complejos - 5. El método del pasivo, basado en el balance: aspectos especiales - 6. La exposición de la información contable relacionada con el método - 7. La información contable ajustada por inflación y el método - 8. Aplicación de estas normas por primera vez. Ejercicio integral1 aGil, Jorge José41uhttps://biblioeco.unsa.edu.ar/pmb/images/libros/Impuesto diferido2-l116271.jpgyImagen de portadaqimage/jpeg